| 000 | 00892nam a22002657a 4500 | ||
|---|---|---|---|
| 999 |
_c12341 _d12341 |
||
| 003 | EG-ScBUE | ||
| 005 | 20210525105021.0 | ||
| 008 | 090712s2005 ua f 000 0 ara d | ||
| 020 | _a9770911747 | ||
| 040 |
_aEG-ScBUE _bara _erda _cEG-ScBUE _dEG-ScBUE |
||
| 082 | 0 | 4 |
_a892.746 _bح ك ي _222 |
| 100 | 1 |
_aالحكيم، توفيق، _d1898-1987، _eمؤلف. |
|
| 245 | 1 | 0 |
_aحماري قال لي : _bمقالات / _cتوفيق الحكيم. |
| 250 | _aالطبعة الأولى. | ||
| 264 | 1 |
_aالقاهرة : _bدار الشروق، _c2005. |
|
| 300 |
_a151 صفحة ؛ _c15 سم |
||
| 336 |
_2rdacontent _aنص _btxt |
||
| 337 |
_2rdamedia _aبدون وسيط _bn |
||
| 338 |
_2rdacarrier _aمجلد _bnc |
||
| 650 | 7 |
_aالمقالات العربية _yقرن 20. _2BUEsh |
|
| 651 | _2BUEsh | ||
| 653 |
_bARALIT _cMay2021 |
||
| 655 |
_vReading book _934232 |
||
| 942 |
_2ddc _cBB |
||